| 000 | 00637cam a22002054a 4500 | ||
|---|---|---|---|
| 005 | 20250807085423.0 | ||
| 008 | 250528s ||||||||||||||||||||||||d | ||
| 035 | _a19499 | ||
| 020 | _a9608574927 | ||
| 040 |
_aGR-AtMCL _bgre _dGR-AtMCL _eAACR2 |
||
| 245 | 1 | _aΜΑΡΚΕΤΙΝΓΚ ΧΟΝΔΡΙΚΟΥ/ΛΙΑΝΙΚΟΥ ΕΜΠΟΡΙΟΥ / ΑΡΧΕΣ,ΣΤΡΑΤΗΓΙΚΕΣ,ΕΦΑΡΜΟΓΕΣ,CASE STUDY | |
| 250 | _a1 | ||
| 260 |
_bRosili, _c2001 |
||
| 300 | _a367 | ||
| 700 | 1 |
_aΤζωρτζάκη, Αλεξία _95622 |
|
| 700 | 1 |
_aΤζωρτζάκης, Κώστας _95623 |
|
| 942 | _cBK | ||
| 999 |
_c4755 _d4755 |
||